Footballers by Picture and By Letter -- 'G' - Statistics

General Stats
  • This quiz has been taken 73 times
  • The average score is 13 of 20
Answer Stats
Picture Hint Answer % Correct
France Antoine Griezmann
97%
France Olivier Giroud
97%
England Steven Gerrard
94%
Spain Gavi
88%
Netherlands Ruud Gullit
88%
Wales Ryan Giggs
88%
Croatia Josko Gvardiol
87%
Italy Gennaro Gattuso
85%
Germany Ilkay Gundogan
79%
Brazil Garrincha
78%
Spain Guti
72%
Cote d'Ivoire Gervinho
65%
Hungary Péter Gulácsi
63%
Iceland Eiður Guðjohnsen
46%
Ireland Shay Given
44%
Mexico Andrés Guardado
41%
Portugal Nuno Gomes
28%
Cameroon Geremi
16%
Italy Claudio Gentile
13%
Argentina Kily González
13%
No matching quizzes found
Score Distribution
Percent of People with Each Score
Percentile by Number Answered
Your Score History
You have not taken this quiz